Quaresma (sin portada) (Record no. 8771)

MARC details
000 -CABECERA
campo de control de longitud fija 00488nam a2200169 a 4500
001 - NÚMERO DE CONTROL
campo de control BRCA_9123
005 - FECHA Y HORA DE LA ÚLTIMA TRANSACCIÓN
campo de control 20190320210528.0
008 - DATOS DE LONGITUD FIJA--INFORMACIÓN GENERAL
campo de control de longitud fija 051017s1668----sp-#######---#000-0#spa-#
041 ## - CÓDIGO DE LENGUA
Código de lengua del texto/banda sonora o título independiente spa
084 ## - OTRO NÚMERO DE CLASIFICACIÓN
Número de clasificación BE76
Número de documento/Ítem .Q37 1668
245 10 - MENCIÓN DE TÍTULO
Título Quaresma (sin portada)
Mención de responsabilidad, etc. 1668
300 ## - DESCRIPCIÓN FÍSICA
Extensión 538 p. (t.2)
Dimensiones 21.5 x 15 cm
500 ## - NOTA GENERAL
Nota general Estado físico: presenta encuadernación en pergamino con cintas rotas y presencia del pez de plata
650 14 - PUNTO DE ACCESO ADICIONAL DE MATERIA--TÉRMINO DE MATERIA
Término de materia o nombre geográfico como elemento de entrada Cuaresma
9 (RLIN) 21672
902 ## - CATALOGADOR
Iniciales CFM
942 ## - ELEMENTOS DE PUNTO DE ACCESO ADICIONAL (KOHA)
Fuente del sistema de clasificación o colocación Library of Congress Classification
Tipo de ítem Koha Libros
Holdings
Estado de retiro Estado de pérdida Estado dañado No para préstamo Localización permanente Ubicación/localización actual Fecha de adquisición Total de préstamos Signatura topográfica completa Código de barras Fecha visto por última vez Precio válido a partir de Tipo de ítem Koha
El ejemplar forma parte de la colección y puede ser consultado según las políticas vigentes.       Biblioteca del Museo Franz Mayer (Rogerio Casas-Alatriste) Biblioteca del Museo Franz Mayer (Rogerio Casas-Alatriste) 05/10/2017   BE76 .Q37 1668 CFM00480 22/03/2019 22/03/2019 Libros